|
|
|
|
| LEADER |
01219pam a22002778a 4500 |
| 001 |
00045176 |
| 005 |
20191107091133.0 |
| 008 |
150423s2013 ||||||Viesd |
| 020 |
# |
# |
|c 40000
|a 9786045458136
|
| 041 |
0 |
# |
|a Vie
|
| 082 |
1 |
4 |
|b H561D
|a 372.5
|
| 100 |
# |
# |
|a Bạch, Ngọc Diệp
|
| 245 |
0 |
0 |
|a Hướng dẫn dạy học Mĩ thuật lớp 1 theo Chương trình giáo dục phổ thông mới
|c Bạch Ngọc Diệp; Phan Hồng Sơn
|
| 260 |
# |
# |
|a Hà Nội
|b Đại học sư phạm
|c 2019
|
| 300 |
# |
# |
|a 80 tr.
|c 24 cm.
|
| 653 |
# |
# |
|a Chương trình
|
| 653 |
# |
# |
|a Giáo dục phổ thông mới
|
| 653 |
# |
# |
|a Nghệ thuật
|
| 653 |
# |
# |
|a Mĩ thuật
|
| 653 |
# |
# |
|a Giáo dục tiểu học
|
| 653 |
# |
# |
|a Giáo án
|
| 653 |
# |
# |
|a Lớp 1
|
| 700 |
1 |
# |
|a Phan, Hồng Sơn
|
| 852 |
# |
# |
|j KGT.0059641
|j KGT.0059804
|j KGT.0059805
|j KGT.0059806
|j KGT.0059807
|j KGT.0059808
|j KGT.0059809
|j KGT.0059810
|j KGT.0059811
|j KGT.0059812
|j KGT.0059813
|j KGT.0059814
|j KGT.0059815
|j KGT.0059816
|j KGT.0059817
|j KGT.0059818
|j KGT.0059819
|j KGT.0058709
|j KGT.0058710
|j KD.0026639
|
| 910 |
# |
# |
|d 7/11/2019
|
| 980 |
# |
# |
|a Trung tâm Học liệu Lê Vũ Hùng, Trường Đại học Đồng Tháp
|